00381nam a2200145Ia 4500008004100000041000800041082001600049100001000065245002800075260004400103300000900147500004100156650001800197700002000215230125s9999 xx 000 0 und d aeng a658.45bRAI aRai U aEffective communication c2003bHimalaya Publishing HouseaMumbai a346p aBusiness Communication;Communication aCommunication aRai U & Rai S M